000 00395nam a22001697a 4500
003 MPLRDC
005 20220104143440.0
008 210129b ||||| |||| 00| 0 eng d
082 _a173.2 ZPL
100 _a祝蓓里编著
245 _a青年期心理学
_c
250 _a一版一刷
260 _a
_b上海人民出版社
_c1986
300 _b
650 _a
942 _cBK
_o173.2 ZPL
999 _c40016
_d40006